La Economía según Mao / (Record no. 137874)

MARC details
000 -LEADER
campo de control de longitud fija 00603nam a2200193 4500
001 - NÚMERO DE CONTROL
campo de control 137874
003 - IDENTIFICADOR DE NÚMERO DE CONTROL
campo de control ES-MaACL
005 - FECHA Y HORA DE LA ÚLTIMA TRANSACCIÓN
campo de control 20230906195446.0
007 - CAMPO FIJO DE DESCRIPCIÓN FÍSICA--INFORMACIÓN GENERAL
campo de control de longitud fija t|
008 - DATOS DE LONGITUD FIJA--INFORMACIÓN GENERAL
campo de control de longitud fija 070214s1972 sp r ||||1| spa d
100 1# - ENTRADA PRINCIPAL--NOMBRE DE PERSONA
Nombre de persona Saltiel, J. P.
9 (RLIN) 102040
245 13 - MENCIÓN DEL TÍTULO
Título La Economía según Mao /
Mención de responsabilidad, etc. J. P. Saltiel, M. Rampelberg, J. P. Rocquet ; prefacio de Hubert Roussellier.
260 ## - PUBLICACIÓN, DISTRIBUCIÓN, ETC.
Lugar de publicación, distribución, etc. Barcelona :
Nombre del editor, distribuidor, etc. Sagitario,
Fecha de publicación, distribución, etc. 1972.
300 ## - DESCRIPCIÓN FÍSICA
Extensión 147 p. ;
Dimensiones 21 cm.
700 1# - ENTRADA AGREGADA--NOMBRE PERSONAL
Nombre de persona Rampelberg, M.
9 (RLIN) 95368
700 1# - ENTRADA AGREGADA--NOMBRE PERSONAL
Nombre de persona Rocquet, J. P.
9 (RLIN) 98086
700 1# - ENTRADA AGREGADA--NOMBRE PERSONAL
Nombre de persona Roussellier, Hubert.
9 (RLIN) 100077
852 ## - LOCALIZACIÓN
Ubicación ES-MaACL
Número de control de estantería C-52062
Sublocalización o colección R.85212
Holdings
Estatus retirado Estado de pérdida Estado de daño No para préstamo Biblioteca de origen Biblioteca actual Ubicación en estantería Fecha de adquisición Fuente de adquisición Total de préstamos Signatura topográfica completa Código de barras Visto por última vez Precio de reemplazo Tipo de ítem Koha
        Biblioteca del Ateneo de Madrid Biblioteca del Ateneo de Madrid Depósito 2 17/01/2008     C-52062 1143474 23/02/2023 23/02/2023 Libro impreso